| 000 | 00477cam a2200193ua 4500 | ||
|---|---|---|---|
| 020 | _cRs.15/- | ||
| 041 |
_aeng _h |
||
| 082 |
_a347.035 _bSHA/SU |
||
| 100 | _aSharma , Ram . | ||
| 245 | 0 | 0 | _aSupreme court in the Indian constitution |
| 260 |
_a : _bRajpet and sons Pub , _c1959. |
||
| 300 | _a356 ; . | ||
| 365 | _aRs.15/- | ||
| 504 | _a | ||
| 650 | _aJurisdiction/functions/supremecourt | ||
| 700 | 1 | _asharma, Ram . | |
| 942 | _cBK | ||
| 999 |
_c11146 _d11146 |
||